Pracovné listy k učebnici Náuka o spoločnosti pre 6. ročník osobitnej školy 2. časť Dejepis

Bibliographic Details
Main Authors: Skořepa, Ctibor (Author), Melichar, Jozef (pedagóg) (Author, Translator)
Other Authors: Vojta, Jan (Illustrator)
Format: Book
Language:Slovak
Czech
PhysicalDescription:[20] s.
Published: Bratislava Slovenské pedagogické nakladateľstvo 1983
Edition:1. vyd.
Subjects:

MARC

LEADER 00000nam a2200000 a 4500
001 vtls001388899
003 SK-MaSNL
005 20260301161544.0
008 240314s1983 xo p 00000 slo
015 |a SNBA1983 
035 |a SNK000343139 
040 |a SNK  |b slo  |c SNK  |e AACR2 
041 1 |a slo  |h cze 
044 |a xo  |c SK 
080 |a 943.7(075.2)  |2 1981 
100 1 |a Skořepa, Ctibor  |4 aut  |9 60683 
245 1 0 |a Pracovné listy k učebnici Náuka o spoločnosti pre 6. ročník osobitnej školy  |n 2. časť  |p Dejepis  |c Ctibor Skořepa, Jozef Melichar ; [prel. Jozef Melichar; ilustr. Jan Vojta] 
250 |a 1. vyd. 
260 |a Bratislava  |b Slovenské pedagogické nakladateľstvo  |c 1983 
300 |a [20] s. 
650 0 7 |a dejepis  |2 SNKPH  |9 4288 
651 7 |a Československo  |x dejiny  |2 SNKPH  |9 161432 
655 7 |a učebnice špeciálnych základných škôl  |2 SNKPH  |9 70204 
655 7 |a pracovné listy  |2 SNKPH  |9 70565 
700 1 |a Melichar, Jozef  |c (pedagóg)  |4 aut  |4 trl  |9 227473 
700 1 |a Vojta, Jan  |4 ill  |9 524747 
958 |a OND 
958 |a OP 
999 |c 809939  |d 811869 
952 |t P60, <04>, [BOOK], {604}  |a SNK  |b SNK  |y VYP  |7 0  |p 17A0238778  |o snkSB 35373/2 D1  |i snkKSP 3936/83  |0 0  |1 0  |4 0  |d 2000-05-17  |l 0  |r 2005-01-02 00:00:00  |w 2026-02-24 
952 |a SNK  |b SNK  |y PREZ  |7 0  |p 17A0782305  |o snkSB 35373/2  |i snkKSP 3935/83  |0 0  |1 0  |4 0  |d 2014-03-05  |f 1  |l 0  |r 2025-04-11 00:00:00  |w 2026-02-24